| 000 | 00495nam a2200169Ia 4500 | ||
|---|---|---|---|
| 999 |
_c14228 _d14228 |
||
| 003 | OSt | ||
| 005 | 20201124122307.0 | ||
| 008 | 190216s9999||||xx |||||||||||||| ||und|| | ||
| 040 | _coclc | ||
| 082 |
_a813.54 _bLUD/T |
||
| 100 |
_aLudlum, Robert _96900 |
||
| 245 | 4 |
_aThe Gemini Contenders / _cRobert Ludlum |
|
| 260 |
_bBantam Books, _c1989. _aNew York: |
||
| 300 | _a411p | ||
| 650 | _aEnglish General-Fiction English | ||
| 942 |
_cBK _2ddc _h813.54 _iLUD/T _k813.54 _mLUD/T |
||